1744 1841 1242 1971 1882 1262 1803 1407 1366 1755 1130 1677 1344 1690 1949 1935 1264 1585 1940 1618 1772 1218 1592 1202 1492 1903 1315 1448 1323 1174 1464 1964 1884 1234 1104 1644 1733 1450 1487 1283 1609 1602 1766 1584 1187 1360 1867 1380 1873 1574 1467 1853 1080 1525 1955 1547 1995 1488 1198 1848 1831 1036 1532 1448 1031 1382 1240 1698 1537 1889 1030 1054 1585 1784 1615 1168 1841 1143 1622 1778 1614 1150 1394 1175 1069 1422 1500 1124 1019 1867 1541 1080 1239 1754 1816 1514 1692 1284 1513 BCNSPRNW ULIB Ver.6.0+V

เปลี่ยนเป็นภาษาไทย

Change to English
 แสดงรายละเอียดบรรณานุกรม
  กลับหน้าหลัก

Brief Record : Get Marc (ISO 2709) : E-mail record : QR code < ปิดหน้าต่าง
LEADER : 00000nam 2200000uu 4500
001    13399121020
003     ULIB
008    121030s2549||||th 000 0 tha d
020    ^a9745200581
020    ^a9789745200586
050  4 ^aHD85^bส691ผ
110 1  ^aสำนักงานคณะกรรมการพัฒนาการเศรษฐกิจและสังคมแห่งชาติ
245 10 ^aแผนพัฒนาเศรษฐกิจและสังคมแห่งชาติ ฉบับที่10 พ.ศ.2550-2554 /^cสำนักงานคณะกรรมการพัฒนาการเศรษฐกิจและสังคมแห่งชาติ
250    ^aพิมพ์ครั้งที่ 1
260    ^aกรุงเทพฯ :^bสำนักงานคณะกรรมการพัฒนาการเศรษฐกิจและสังคมแห่งชาติ,^c2549
300    ^a185 หน้า
650  7 ^aแผนพัฒนาเศรษฐกิจและสังคมแห่งชาติ
650  7 ^aนโยบายเศรษฐกิจ
945    ^p90^l0^i14816
995    ^aทศพร
999    ^aทศพร เกษรทอง
รายการนี้ยังไม่มีแท็ก
คุณยังไม่ได้ล็อกอิน คุณสามารถมีกิจกรรมร่วมกับเว็บไซต์ได้ แต่ต้องล็อกอินก่อน ::
  ล็อกอิน

รายการสื่อสารสนเทศ

ลำดับที่ ประเภท เลขเรียก/บาร์โค้ด สถานที่ สถานะ
1. วิทยาศาสตร์การแพทย์ และสุขภาพ
วิทยาศาสตร์การแพทย์ และสุขภาพ
HD85 ส691ผ ฉ.1 
  Barcode: 14816
ห้องสมุดวิทยาเขตสวรรค์ประชารักษ์
►หนังสือทั่วไป
บนชั้น

รายการใกล้เคียง
    หัวเรื่อง [แผนพัฒนาเศรษฐกิจและสังคมแห่งชาติ]
    หัวเรื่อง [นโยบายเศรษฐกิจ]

BibComment


ยังไม่เคยถูกคอมเมนท์

คอมเมนท์ทรัพยากรรายการนี้
  คอมเมนท์: แผนพัฒนาเศรษฐกิจ..


 Copyright 2026. Bcnsprnw @Library